Трансмутация америция в тяжеловодном реакторе; Атомная энергия; Т. 95, вып. 1

מידע ביבליוגרפי
Parent link:Атомная энергия: теоретический и научно-технический журнал/ Российская академия наук ; Министерство РФ по атомной энергии, ядерного общества.— , 1956-.— 0004-7163
Т. 95, вып. 1.— 2003.— с. 16-24
מחבר ראשי: Кварацхели А. Ю.
מחברים אחרים: Конев В. Н., Кочуров Б. П.
שפה:רוסית
יצא לאור: 2003
סדרה:Статьи
נושאים:
פורמט: Book Chapter
KOHA link:https://koha.lib.tpu.ru/cgi-bin/koha/opac-detail.pl?biblionumber=425936

MARC

LEADER 00000naa2a2200000 4500
001 425936
005 20231101074458.0
035 |a (RuTPU)RU\TPU\prd\84607 
035 |a RU\TPU\prd\19483 
090 |a 425936 
100 |a 20100625a2003 k y0rusy50 ca 
101 0 |a rus 
102 |a RU 
200 1 |a Трансмутация америция в тяжеловодном реакторе  |f А. Ю. Кварацхели, В. Н. Конев, Б. П. Кочуров 
225 1 |a Статьи 
320 |a Библиогр.: 2 назв. 
461 1 |0 (RuTPU)RU\TPU\prd\33  |x 0004-7163  |t Атомная энергия  |o теоретический и научно-технический журнал  |f Российская академия наук ; Министерство РФ по атомной энергии, ядерного общества  |d 1956- 
463 1 |0 (RuTPU)RU\TPU\prd\84603  |t Т. 95, вып. 1  |v с. 16-24  |d 2003 
610 1 |a трансмутация 
610 1 |a америций 
610 1 |a тяжеловодные реакторы 
610 1 |a отработавшее топливо 
610 1 |a сжигание 
675 |a 621.039.6  |v 3 
700 1 |a Кварацхели  |b А. Ю. 
701 1 |a Конев  |b В. Н. 
701 1 |a Кочуров  |b Б. П. 
801 1 |a RU  |b 63413507  |c 20031112  |g PSBO 
801 2 |a RU  |b 63413507  |c 20100625  |g RCR 
942 |c BK